वनस्पति जगत की सैर / (Record no. 118550)

MARC details
000 -LEADER
fixed length control field 01123nam a22002537a 4500
005 - DATE AND TIME OF LATEST TRANSACTION
control field 20170124103115.0
010 ## - LIBRARY OF CONGRESS CONTROL NUMBER
LC control number B-003729
020 ## - INTERNATIONAL STANDARD BOOK NUMBER
Terms of availability 150.00
035 ## - SYSTEM CONTROL NUMBER
System control number B-003729
037 ## - SOURCE OF ACQUISITION
Source of stock number/acquisition Cen Lib/Ret
040 ## - CATALOGING SOURCE
Original cataloging agency DPL
Language of cataloging HN
082 ## - DEWEY DECIMAL CLASSIFICATION NUMBER
Classification number 531
Item number पुरीकं
100 ## - MAIN ENTRY--PERSONAL NAME
Personal name पुरी, कंचन
9 (RLIN) 80808
245 ## - TITLE STATEMENT
Title वनस्पति जगत की सैर /
Statement of responsibility, etc कंचन पुरी
246 ## - VARYING FORM OF TITLE
Title proper/short title Vanaspati jagat ki sair /
Remainder of title by Kanchan Puri
260 ## - PUBLICATION, DISTRIBUTION, ETC. (IMPRINT)
Place of publication, distribution, etc दिल्ली
Name of publisher, distributor, etc सुरुचि साहित्य
Date of publication, distribution, etc 2000
270 ## - ADDRESS
Address 30 /36, विश्वास नगर, शाहदरा
City दिल्ली
Postal code 110032
300 ## - PHYSICAL DESCRIPTION
Extent 144पृ. :
Dimensions 21सेमी (सजिल्द)
Other physical details सचित्र
650 ## - SUBJECT ADDED ENTRY--TOPICAL TERM
Topical term or geographic name as entry element वनस्पति विज्ञान--पौधों का जीवन
9 (RLIN) 80809
650 ## - SUBJECT ADDED ENTRY--TOPICAL TERM
Topical term or geographic name as entry element जीवन की उत्पत्ति एवं विकास--पौधे
9 (RLIN) 80810
650 ## - SUBJECT ADDED ENTRY--TOPICAL TERM
Topical term or geographic name as entry element Botany--Pant life
9 (RLIN) 80811
650 ## - SUBJECT ADDED ENTRY--TOPICAL TERM
Topical term or geographic name as entry element Origin and evolution of life--Plants
9 (RLIN) 80812
942 ## - ADDED ENTRY ELEMENTS (KOHA)
Source of classification or shelving scheme Dewey Decimal Classification
Koha item type Hindi Books
Classification part 531
Call number suffix पुरीकं
Holdings
Withdrawn status Lost status Damaged status Not for loan Home library Current library Date acquired Source of acquisition Cost, normal purchase price Total Checkouts Full call number Barcode Date last seen Copy number Cost, replacement price Price effective from Koha item type
        Central Library Central Library 11/09/2015 Cen Lib/Ret 150.00   531 पुरीकं B-003729 11/09/2015 1 150.00 11/09/2015 Hindi Books

© Delhi Public Library
Hit Counter
free hit counter